<?xml version="1.0" encoding="UTF-8"?><?xml-stylesheet type="text/xsl" href="static/style.xsl"?><OAI-PMH xmlns="http://www.openarchives.org/OAI/2.0/" xmlns:xsi="http://www.w3.org/2001/XMLSchema-instance" xsi:schemaLocation="http://www.openarchives.org/OAI/2.0/ http://www.openarchives.org/OAI/2.0/OAI-PMH.xsd"><responseDate>2026-04-30T00:36:31Z</responseDate><request verb="GetRecord" identifier="oai:uvadoc.uva.es:10324/133" metadataPrefix="marc">https://uvadoc.uva.es/oai/request</request><GetRecord><record><header><identifier>oai:uvadoc.uva.es:10324/133</identifier><datestamp>2025-02-18T13:18:38Z</datestamp><setSpec>com_10324_30605</setSpec><setSpec>com_10324_894</setSpec><setSpec>col_10324_41</setSpec></header><metadata><record xmlns="http://www.loc.gov/MARC21/slim" xmlns:doc="http://www.lyncode.com/xoai" xmlns:xsi="http://www.w3.org/2001/XMLSchema-instance" xmlns:dcterms="http://purl.org/dc/terms/" xsi:schemaLocation="http://www.loc.gov/MARC21/slim http://www.loc.gov/standards/marcxml/schema/MARC21slim.xsd">
<leader>00925njm 22002777a 4500</leader>
<datafield tag="042" ind1=" " ind2=" ">
<subfield code="a">dc</subfield>
</datafield>
<datafield tag="720" ind1=" " ind2=" ">
<subfield code="a">López Iturriaga, Félix Javier</subfield>
<subfield code="e">author</subfield>
</datafield>
<datafield tag="260" ind1=" " ind2=" ">
<subfield code="c">1995</subfield>
</datafield>
<datafield tag="520" ind1=" " ind2=" ">
<subfield code="a">En la presente tesis doctoral se introduce el desigual reparto de información entre los agentes económicos para dar entrada a las restricciones financieras que inciden especialmente en las empresas más intensamente sujetas a información asimétrica. Tales restricciones se traducen en la ausencia de perfecta sustitución entre recursos financieros internos y externos, y en el racionamiento del crédito. &#xd;
Este esquema teórico se contrasta empíricamente partiendo de ciertas divisiones de una muestra de empresas españolas en función de la inclinación de las empresas a hallarse sometidas a asimetrías informativas. Se observa que las empresas más afectadas por las restricciones financieras recurren más frecuentemente a la generación interna de fondos. Asimismo, ese tipo de empresas exhibe funciones de inversión notoriamente diferentes de las empresas menos afectadas por las asimetrías informativas, tanto para la inversión en activo fijo como para la inversión en existencias.</subfield>
</datafield>
<datafield tag="024" ind2=" " ind1="8">
<subfield code="a">http://uvadoc.uva.es/handle/10324/133</subfield>
</datafield>
<datafield tag="024" ind2=" " ind1="8">
<subfield code="a">b1253515</subfield>
</datafield>
<datafield tag="024" ind2=" " ind1="8">
<subfield code="a">10.35376/10324/133</subfield>
</datafield>
<datafield ind1=" " ind2=" " tag="653">
<subfield code="a">Empresas-Finanzas</subfield>
</datafield>
<datafield tag="245" ind1="0" ind2="0">
<subfield code="a">Determinantes de la inversión en la gran empresa española bajo condiciones de restricciones financieras</subfield>
</datafield>
</record></metadata></record></GetRecord></OAI-PMH>